| 000 | 00648nam a22002177a 4500 | ||
|---|---|---|---|
| 999 |
_c7525 _d7525 |
||
| 003 | OSt | ||
| 005 | 20211124121009.0 | ||
| 008 | 211124b ||||| |||| 00| 0 eng d | ||
| 020 | _a9780077148157, 0077148150 | ||
| 040 | _cDDC | ||
| 082 | _a381 GHA 2014 | ||
| 100 |
_aGhauri,Pervez; Cateora, Philip _915400 |
||
| 245 | _aInternational Marketing. | ||
| 250 | _a4th ed. | ||
| 260 |
_aBoston; _bMcGraw hill: _c2014 |
||
| 300 |
_axxvii,633p.: _bill(some col.); _c27cm. |
||
| 504 | _aIncludes bibliographical references and index. | ||
| 650 |
_aExport marketing. _915401 |
||
| 650 |
_aInternational business enterprises _93738 |
||
| 942 |
_2ddc _cBOOK |
||